| 000 | 00631nam a22001937a 4500 | ||
|---|---|---|---|
| 005 | 20170713144806.0 | ||
| 010 | _aENG-119175 | ||
| 020 |
_a9788175416925 _c995.00 |
||
| 035 | _aEN-102707 | ||
| 037 | _bDBAD/PUB | ||
| 082 | _a320.954090512 | ||
| 100 | _aBhambhri,C.P. | ||
| 245 |
_aCoalition government and politics : _cby C.P. Bhambhri _bUPA-II to 2014 Lok Sabha elections / |
||
| 260 |
_aDelhi _bShipra Publications _c2014 |
||
| 270 |
_aLG-18-19,Pankaj Central Market,I.P.Ext. Patparganj _bDelhi _e110092 |
||
| 300 |
_ax,270p. _c23cm(Hb) |
||
| 500 | _aIncludes index | ||
| 942 |
_2ddc _cEN _h320.954090512 _mBHA |
||
| 999 |
_c142542 _d142542 |
||